000 00451nam a2200193Ia 4500
008 210210b1954 xxu||||| |||| 00| 0 eng d
041 _aeng
082 _a825/853
100 _aTILLOTSON (G)
245 _aNovels of the eighteen forties
260 _aOxford
_bAt the Clarendon Press
_c1954
650 _athe
650 _aof
650 _aNovels
650 _aforties
650 _aeighteen
690 _aEnglish Criticism
906 _a015168
999 _c134486
_d134486